UBT Library

An aid to the MRCP short cases / (Record no. 41291)

000 -LEADER
fixed length control field 00858cam a2200253 a 4500
001 - CONTROL NUMBER
control field 4981758
005 - DATE AND TIME OF LATEST TRANSACTION
control field 20180130072219.0
008 - FIXED-LENGTH DATA ELEMENTS--GENERAL INFORMATION
fixed length control field 980821s1999 enka b 001 0 eng c
010 ## - LIBRARY OF CONGRESS CONTROL NUMBER
LC control number 98042252
020 ## - INTERNATIONAL STANDARD BOOK NUMBER
International Standard Book Number 0632030674 (pbk.)
040 ## - CATALOGING SOURCE
Original cataloging agency DNLM/DLC
Transcribing agency DLC
Modifying agency DLC
041 ## - LANGUAGE CODE
Language code of text/sound track or separate title eng
060 10 - NATIONAL LIBRARY OF MEDICINE CALL NUMBER
Classification number WB 200
Item number R992a 1998
080 ## - UNIVERSAL DECIMAL CLASSIFICATION NUMBER
Universal Decimal Classification number 616.075 RYD
082 00 - DEWEY DECIMAL CLASSIFICATION NUMBER
Classification number 616.075 RYD
Edition number 21
100 1# - Rafti
Rafti 6
101 ## - Shkurtesa
Shkurtesa GJEN
245 13 - TITLE STATEMENT
Title An aid to the MRCP short cases /
Statement of responsibility, etc R.E.J. Ryder, M.A. Mir, and E.A. Freeman.
246 3# - VARYING FORM OF TITLE
Title proper/short title Aid to the Membership of the Royal College of Physicians short cases
504 ## - BIBLIOGRAPHY, ETC. NOTE
Bibliography, etc Includes bibliographical references and index.
906 ## - LOCAL DATA ELEMENT F, LDF (RLIN)
a 7
b cbc
c orignew
d 1
e ocip
f 19
g y-gencatlg
942 ## - ADDED ENTRY ELEMENTS (KOHA)
Source of classification or shelving scheme
Item type Books
Holdings
Withdrawn status Lost status Source of classification or shelving scheme Damaged status Not for loan Collection code Permanent location Current location Shelving location Date acquired Total Checkouts Full call number Barcode Date last seen Price effective from Koha item type
          Koleksioni i përgjithshem UBT - Lipjan UBT - Lipjan Koleksioni i përgjithshem 01/30/2018   616.075 RYD 002-2996759 01/30/2018 01/30/2018 Books
UBT Library © 2015-2024. All rights reserved University Education for Business and Technology